Culture Générale - Série 1448 - Statistiques

Statistiques générales
  • Ce quiz a été pris 120 fois
  • Le résultat moyen est 5 sur 10
Statistiques - réponses
Question Réponse % Correct
A quelle couleur primaire se rapporte la couleur "bouton-d'or" ? jaune
99%
Que signifie le préfixe latin "omni-", que l'on trouve notamment dans le mot : "omnivore" ? tout
85%
Quel corps céleste, artificiel ou naturel, décrit un mouvement orbital autour d'une planète ? satellite
76%
De quel sport est dérivé le sandball, sport qui se pratique sur la plage ? handball
55%
Dans quel pays du Proche-Orient se trouve la ville portuaire de Bassora ? Irak
50%
Quelle danse antillaise à quatre temps, Marc Lavoine évoque-t-il dans son tube de 1983 ? biguine
34%
Parmi les enfants de Barbapapa, lequel est poilu ? Barbouille
25%
Quel mot rimant avec "cocotte" désigne un ragoût de lapin au vin blanc ? gibelotte
24%
Quelle vaste presqu'ile est reliée à la Grèce continentale par l'isthme de Corinthe ? Péloponnèse
22%
Quel chanteur guinéen, prénommé William, reconnu grâce au titre "Rayon de soleil", interprète "Elle rêve" en 2010 ? William Baldé
22%
Aucun quiz correspondant
Distribution des résultats
% des personnes avec chaque résultat
Percentile par nombre de réponses
Votre historique - résultats
Vous n’avez pas pris ce quiz